| 000 | 00949cam a22002534a 4500 | ||
|---|---|---|---|
| 001 | 12588348 | ||
| 005 | 20260312193254.0 | ||
| 008 | 011113s2002 cau 001 0 eng | ||
| 020 |
_a0761985689 _qp |
||
| 020 |
_a9780761985686 _q(p) |
||
| 050 | 0 | 0 |
_aHV40 _b.L38 2002 |
| 082 | 0 | 0 |
_a361.3 _221 |
| 100 | 1 | _aLeCroy, Craig W. | |
| 245 | 1 | 4 |
_aThe call to social work : _blife stories / _cby Craig Winston Lecroy. |
| 260 |
_aThousand Oaks, Calif. : _bSage Publications, _cc2002. |
||
| 300 |
_aix, 159 p. _c23 cm. |
||
| 500 | _aIncludes index. | ||
| 650 | 0 | _aSocial service. | |
| 650 | 0 | _aSocial workers. | |
| 856 | 4 | 2 |
_3Publisher description _uhttp://www.loc.gov/catdir/enhancements/fy0658/2001007179-d.html |
| 856 | 4 | 1 |
_3Table of contents only _uhttp://www.loc.gov/catdir/enhancements/fy0658/2001007179-t.html |
| 856 | 4 | 2 |
_3Contributor biographical information _uhttp://www.loc.gov/catdir/enhancements/fy0734/2001007179-b.html |
| 942 |
_2lcc _cBK _n0 |
||
| 999 |
_c9007 _d9007 |
||